00263nam a2200097Ia 4500008004100000100002400041245003200065260004200097260000900139999001700148170620s9999 xx 000 0 und d aElizabeth- M. E. S. 0aMethods of Teaching English bNew Delhi- Discovery Publishing House c2004 c24455d24455